Field guide to birds of North America (Record no. 590792)

000 -LEADER
fixed length control field 01795cam a2200397 a 4500
001 - CONTROL NUMBER
control field 14341109
003 - CONTROL NUMBER IDENTIFIER
control field NUST
005 - DATE AND TIME OF LATEST TRANSACTION
control field 20220806154804.0
008 - FIXED-LENGTH DATA ELEMENTS--GENERAL INFORMATION
fixed length control field 060414s2007 nyuab b 001 0 eng
010 ## - LIBRARY OF CONGRESS CONTROL NUMBER
LC control number 2006045017
020 ## - INTERNATIONAL STANDARD BOOK NUMBER
International Standard Book Number 9781402738746 (pbk. : alk. paper)
020 ## - INTERNATIONAL STANDARD BOOK NUMBER
International Standard Book Number 1402738749 (pbk. : alk. paper)
035 ## - SYSTEM CONTROL NUMBER
System control number (OCoLC)ocm67384201
035 ## - SYSTEM CONTROL NUMBER
System control number (OCoLC)67384201
037 ## - SOURCE OF ACQUISITION
Stock number 1268127
Source of stock number/acquisition QBI
038 ## - RECORD CONTENT LICENSOR
Staff Name Azhar
040 ## - CATALOGING SOURCE
Original cataloging agency DLC
Transcribing agency DLC
Modifying agency QBX
-- BTCTA
-- BAKER
-- YDXCP
-- DLC
043 ## - GEOGRAPHIC AREA CODE
Geographic area code n------
050 00 - LIBRARY OF CONGRESS CALL NUMBER
Classification number QL681
Item number .B75 2007
082 00 - DEWEY DECIMAL CLASSIFICATION NUMBER
Classification number 598.097
Edition number 22
Author Mark BRI
100 1# - MAIN ENTRY--PERSONAL NAME
Personal name Brinkley, Edward S.
9 (RLIN) 96587
245 10 - TITLE STATEMENT
Title Field guide to birds of North America
Statement of responsibility, etc. written by Edward S. Brinkley ; foreword by Craig Tufts ; photographs supplied by VIREO, the Academy of Natural Sciences.
246 3# - VARYING FORM OF TITLE
Title proper/short title National Wildlife Federation field guide to birds of North America
246 30 - VARYING FORM OF TITLE
Title proper/short title Birds of North America
260 ## - PUBLICATION, DISTRIBUTION, ETC.
Place of publication, distribution, etc. New York :
Name of publisher, distributor, etc. Sterling Pub. Co.,
Date of publication, distribution, etc. c2007.
300 ## - PHYSICAL DESCRIPTION
Extent 527 p. :
Other physical details col. ill., col. maps ;
Dimensions 20 cm.
500 ## - GENERAL NOTE
General note At head of title: National Wildlife Federation.
504 ## - BIBLIOGRAPHY, ETC. NOTE
Bibliography, etc. note Includes bibliographical references (p. 508-509) and indexes.
650 #0 - SUBJECT ADDED ENTRY--TOPICAL TERM
Topical term or geographic name entry element Birds
Geographic subdivision North America
Form subdivision Identification.
9 (RLIN) 96588
710 2# - ADDED ENTRY--CORPORATE NAME
Corporate name or jurisdiction name as entry element National Wildlife Federation.
9 (RLIN) 7925
856 42 - ELECTRONIC LOCATION AND ACCESS
Materials specified Publisher description
Uniform Resource Identifier <a href="http://www.loc.gov/catdir/enhancements/fy0708/2006045017-d.html">http://www.loc.gov/catdir/enhancements/fy0708/2006045017-d.html</a>
856 42 - ELECTRONIC LOCATION AND ACCESS
Materials specified Contributor biographical information
Uniform Resource Identifier <a href="http://www.loc.gov/catdir/enhancements/fy0714/2006045017-b.html">http://www.loc.gov/catdir/enhancements/fy0714/2006045017-b.html</a>
906 ## - LOCAL DATA ELEMENT F, LDF (RLIN)
a 7
b cbc
c orignew
d 1
e ocip
f 20
g y-gencatlg
942 ## - ADDED ENTRY ELEMENTS (KOHA)
Source of classification or shelving scheme
Koha item type Lincoln Corner
Holdings
Withdrawn status Lost status Source of classification or shelving scheme Damaged status Not for loan Permanent Location Current Location Shelving location Date acquired Full call number Barcode Date last seen Price effective from Koha item type
          Central Library (CL) Central Library (CL) Lincoln Corner 08/06/2022 598.097 BRI LC-300 08/06/2022 08/06/2022 Reference
© 2023 Central Library, National University of Sciences and Technology. All Rights Reserved.